000 00532cam a22001931 4500
001 3583911
005 20180103041034.0
008 730109s1958 nyu 000 0 eng
010 _a 58013470
040 _aDLC
_cDLC
_dDLC
041 _aeng
080 _a301.427 MIL
082 0 0 _a301.427 MIL
100 1 _a50
101 _aSOC
245 1 4 _aThe changing American parent;
_c[by] Daniel R. Miller [and] Guy E. Swanson.
906 _a7
_bcbc
_corignew
_du
_eocip
_f19
_gy-gencatlg
942 _2ddc
_cBK
999 _c39604
_d39604